• 首页
  • 本馆介绍
  • 公告通知
  • 最新文献
  • 馆藏检索
  • 电子资源
  • 读者导购
  • 参考咨询
  • 我的图书馆
  • 登录
  • 详细信息显示
  • 放入我的书架
  • 预约/预借图书
  • 作者相关作品
  • 分类相关作品
  • 丛书相关作品
  • 出版社相关作品

书目信息

  • 表格格式
  • 工作单格式
  • 卡片格式
题名:
中美高技术争端分析
    
 
作者: 刘顺鸿 著
分册:  
出版信息: 北京   中国社会科学出版社  2017
页数: 210页
开本: 24cm
丛书名:
单 册:
中图分类: F279.712.444 , F279.244.4
科图分类:
主题词: 高技术产业--gao ji shu chan ye--研究--美国 , 高技术产业--gao ji shu chan ye--研究--美国
电子资源:
ISBN: 978-7-5161-7569-9
000 00909nam0 22002531 450
001 1760887098
005 20170619171925.0
010    @a978-7-5161-7569-9@dCNY50.00
100    @a20170301d2017 em y0chiy50 ea
101 0  @achi
102    @aCN@b110000
105    @ay z 000yy
106    @ar
200 1  @a中美高技术争端分析@9zhong mei gao ji shu zheng duan fen xi@f刘顺鸿著
210    @a北京@c中国社会科学出版社@d2017
215    @a210页@d24cm
330    @a由于高技术是综合国力的基础,随着中国建设创新型国家战略的实施,高技术竞争日益成为中美两国竞争的焦点,高技术争端也因此而成为传统贸易争端以外的又一重要领域。
606 0  @a高技术产业@9gao ji shu chan ye@x研究@y美国
606 0  @a高技术产业@9gao ji shu chan ye@x研究@y美国
690    @aF279.712.444@v5
690    @aF279.244.4@v5
701  0 @a刘顺鸿@9liu shun hong@4著
801  0 @aCN@b百万庄@c20170617
905    @b1013565-7@dF279.712.444@e1413@f3
    
    中美高技术争端分析/刘顺鸿著.-北京:中国社会科学出版社,2017
    210页;24cm
    
    
    ISBN 978-7-5161-7569-9:CNY50.00
    由于高技术是综合国力的基础,随着中国建设创新型国家战略的实施,高技术竞争日益成为中美两国竞争的焦点,高技术争端也因此而成为传统贸易争端以外的又一重要领域。
●
相关链接 在E读中查询图书 在五车中查询图书 在当当中查询图书 在豆瓣中查询图书


正题名:中美高技术争端分析     索取号:F279.712.444/1413         预约/预借

序号 登录号 条形码 馆藏地/架位号 状态 备注
1 1013565   210135655   第一样本阅览室/ [索取号:F279.712.444/1413] 在馆    
2 1013566   210135664   教育系资料室/ [索取号:F279.712.444/1413] 在馆    
3 1013567   210135673   第一借阅区/ [索取号:F279.712.444/1413] 在馆    
唐山师范学院图书馆 欢迎您!
大连网信软件有限公司© 版权所有